Constitutiones Societatis Iesu. (Record no. 156318)

MARC details
000 -LEADER
campo de control de longitud fija 01545nam a22002415i 4500
001 - NÚMERO DE CONTROL
campo de control 156318
003 - IDENTIFICADOR DE NÚMERO DE CONTROL
campo de control ES-MaACL
005 - FECHA Y HORA DE LA ÚLTIMA TRANSACCIÓN
campo de control 20250820094843.0
008 - DATOS DE LONGITUD FIJA--INFORMACIÓN GENERAL
campo de control de longitud fija 050729s1559 it | |||||||| ||lat d
040 ## - FUENTE DE CATALOGACIÓN
Centro catalogador/agencia de origen CAM
Lengua de catalogación spa
Centro/agencia transcriptor CAM
110 2# - ENTRADA PRINCIPAL--NOMBRE DE ENTIDAD CORPORATIVA
Nombre de entidad corporativa o nombre de jurisdicción como elemento de entrada Jesuitas
9 (RLIN) 5348
245 10 - MENCIÓN DEL TÍTULO
Título Constitutiones Societatis Iesu.
260 ## - PUBLICACIÓN, DISTRIBUCIÓN, ETC.
Lugar de publicación, distribución, etc. Romae :
Nombre del editor, distribuidor, etc. in aedibus Societatis Iesu,
Fecha de publicación, distribución, etc. 1559.
300 ## - DESCRIPCIÓN FÍSICA
Extensión [10], 159, [8] p. ;
Dimensiones 15 cm.
594 ## - Nota al título y mención de responsabilidad
Nota al título y mención de responsabilidad Hay otra port. en A1 con tít.: "Constitutiones Societatis Iesu. Anno 1558" y pie de imp.: Romae: in aedibus Societatis Iesu, 1558.
596 ## - NOTA AL PIE DE IMPRENTA
NOTA AL PIE DE IMPRENTA Colofón (A3 , de la segunda secuencia)
597 ## - NOTA DE DESCRIPCIÓN FÍSICA
NOTA DE DESCRIPCIÓN FÍSICA Sign.: [ ]5, A-K8, A4.
597 ## - NOTA DE DESCRIPCIÓN FÍSICA
NOTA DE DESCRIPCIÓN FÍSICA Anagrama xil. de la Compañía de Jesús en ambas ports.
597 ## - NOTA DE DESCRIPCIÓN FÍSICA
NOTA DE DESCRIPCIÓN FÍSICA Iniciales xil.
610 24 - PUNTO DE ACCESO ADICIONAL DE MATERIA--NOMBRE DE ENTIDAD CORPORATIVA
Nombre de entidad corporativa o nombre de jurisdicción como elemento de entrada Jesuitas-
Subdivisión de forma Reglas.
9 (RLIN) 139638
852 ## - LOCALIZACIÓN
Ubicación ES-MaACL
Número de control de estantería R-540(1)
Nota libre -- Enc. perg.
-- -- Enc. entre los prelim. y la segunda port., "Primum ac generale examen iis omnibus, qui in Societatem Iesu admitti petent, proponendum", Romae: in aedibus Societatis Iesu, 1558 -- La secuencia A4 del final, enc. al final de la obra anterior y, por tanto, también delante de la segunda port.
Encuadernación -- Edic.: esta descripción contiene parte de la de CCPB000006236-7. Se ha realizado la descripción por separado de las obras contenidas en el mencionado registro de CCPB, porque también se ha encontrado así en ICCU. Asímismo ICCU da [12] p. en prelim., por lo que puede que falte [1] h. en bl. -- Sustituye la descripción de CCPB000006237-5
-- Olim: G-633
Holdings
Estatus retirado Estado de pérdida Estado de daño No para préstamo Colección Biblioteca de origen Biblioteca actual Ubicación en estantería Fecha de adquisición Fuente de adquisición Total de préstamos Signatura topográfica completa Código de barras Visto por última vez Precio de reemplazo Tipo de ítem Koha
        Libros del s. XVI Biblioteca del Ateneo de Madrid Biblioteca del Ateneo de Madrid Depósito 17/01/2008     R-540(1) 1163541 23/02/2023 23/02/2023 Libro impreso antiguo